IMPOSSIBLE gd levels quiz - Statistics

General Stats
  • This quiz has been taken 34 times
  • The average score is 8 of 16
Answer Stats
Picture Answer % Correct
tidal wave
95%
amethyst
90%
limbo
71%
thinking space II
67%
orbit
57%
flamewall
52%
nullscapes
52%
slaughterhouse
52%
acheron
43%
every end
43%
sonic wave
43%
boobawamba
33%
quanteuse processing
29%
avernus
24%
sakupen circles
24%
palm beach
5%
No matching quizzes found
Score Distribution
Percent of People with Each Score
Percentile by Number Answered
Your Score History
You have not taken this quiz